|
|
|
|
| LEADER |
01293nam a2200325 a 4500 |
| 001 |
c000412746 |
| 003 |
CARM |
| 005 |
00000000000000.0 |
| 008 |
840519s1984 mnuk b 00110 eng |
| 019 |
1 |
|
|a 3209944
|
| 020 |
|
|
|a 0314792791 (set) :
|c $195.00 (est.)
|
| 040 |
|
|
|a VDU
|c VDU
|
| 043 |
|
|
|a n-us---
|
| 050 |
0 |
0 |
|a KF9619
|b .L34 1984
|
| 082 |
0 |
4 |
|a 345.7305
|
| 100 |
1 |
|
|a LaFave, Wayne R.
|
| 245 |
1 |
0 |
|a Criminal procedure /
|c by Wayne R. Lafave, Jerold H. Israel.
|
| 260 |
0 |
|
|a St. Paul, Minn. :
|b West Pub. Co.,
|c 1984.
|
| 300 |
|
|
|a 3 v. :
|b forms ;
|c 27 cm.
|
| 490 |
0 |
|
|a Criminal practice series.
|
| 500 |
|
|
|a Includes index.
|
| 650 |
|
0 |
|a Criminal procedure
|z United States.
|
| 700 |
1 |
|
|a Israel, Jerold H.,
|d 1934-
|
| 852 |
8 |
|
|b CARM
|h A3:AG02F0
|i C12767
|p 0569561
|f BK
|
| 852 |
8 |
|
|b CARM
|h A3:AG02F0
|i C12767
|p 0569562
|f BK
|
| 852 |
8 |
|
|b CARM
|h A3:AG02F0
|i C12767
|p 0569563
|f BK
|
| 999 |
f |
f |
|i 89708abd-682a-5dee-a315-ce6af6bd5fdb
|s 9b734bd1-199b-5559-9b59-0c29cc2cb81e
|
| 952 |
f |
f |
|p Can circulate
|a CAVAL
|b CAVAL
|c CAVAL
|d CARM 1 Store
|e C12767
|f A3:AG02F0
|h Other scheme
|i book
|m 0569561
|
| 952 |
f |
f |
|p Can circulate
|a CAVAL
|b CAVAL
|c CAVAL
|d CARM 1 Store
|e C12767
|f A3:AG02F0
|h Other scheme
|i book
|m 0569562
|
| 952 |
f |
f |
|p Can circulate
|a CAVAL
|b CAVAL
|c CAVAL
|d CARM 1 Store
|e C12767
|f A3:AG02F0
|h Other scheme
|i book
|m 0569563
|